[Event "51 CIS serie B/5"]
[Site "?"]
[Date "2019.03.17"]
[Round "4.4"]
[White "Fabbrucci, Gabriele"]
[Black "Battagin, Mosè"]
[Result "1/2-1/2"]
[WhiteElo "1664"]
[BlackElo "1757"]
[PlyCount "122"]
[EventDate "2019.??.??"]
[WhiteTeam "Mattoallaprossima"]
[BlackTeam "M.I.C.H.A. Knights"]

1. e4 c5 2. Nf3 d6 3. d4 cxd4 4. Nxd4 Nf6 5. Nc3 g6 6. Be3 Bg7 7. f3 O-O 8. Qd2
Nc6 9. O-O-O Nxd4 10. Bxd4 Be6 11. Kb1 Qc7 12. g4 Rfc8 13. g5 Nd7 14. Bxg7 Kxg7
15. f4 Qa5 16. h4 Rab8 17. Bh3 Qc5 18. Bxe6 fxe6 19. h5 b5 20. hxg6 hxg6 21.
Rh2 Rh8 22. Rdh1 b4 23. Nd1 Qc4 24. Qd3 Qxd3 25. cxd3 Rxh2 26. Rxh2 Rf8 27. Rf2
Nc5 28. Kc2 Rc8 29. Kd2 Rh8 30. Re2 Rf8 31. d4 Nd7 32. Rf2 d5 33. Kd3 Rh8 34.
Rc2 Rh3+ 35. Ne3 Nb6 36. b3 Kf7 37. Rf2 Ke8 38. e5 Kd7 39. Ke2 Na8 40. Rf3 Rh2+
41. Rf2 Rh1 42. Nf1 Nc7 43. Rh2 Rxh2+ 44. Nxh2 Ne8 45. Nf3 Ng7 46. Kd3 Nf5 47.
Ng1 Ke8 48. Ne2 Kf7 49. Kc2 Ke8 50. Kb2 Kd7 51. Kc2 Kc6 52. Kd3 Kd7 53. Ng1 Ke8
54. Nh3 Kf7 55. Nf2 Kg7 56. Nd1 Nh4 57. Ke2 Nf5 58. Kd3 Nh4 59. Ke2 Nf5 60. Kd3
Nh4 61. Ke2 Nf5 1/2-1/2

[Event "51 CIS serie B/5"]
[Site "?"]
[Date "2019.03.17"]
[Round "4.1"]
[White "Luchsinger, Eric"]
[Black "Tirelli, Mauro"]
[Result "1/2-1/2"]
[WhiteElo "2110"]
[BlackElo "2259"]
[PlyCount "91"]
[EventDate "2019.??.??"]
[WhiteTeam "S.S. Bergamo"]
[BlackTeam "Scacchi Club Piacenza"]

1. c4 g6 2. Nc3 Bg7 3. g3 d6 4. Bg2 e5 5. e4 Nc6 6. Nge2 h5 7. h3 Be6 8. d3 Qd7
9. Bg5 Nge7 10. Nd5 Bxd5 11. cxd5 Nd8 12. O-O O-O 13. Rc1 c5 14. Qd2 f6 15. Be3
Nf7 16. b4 b6 17. bxc5 dxc5 18. f4 Nd6 19. fxe5 fxe5 20. Bg5 Kh7 21. Nc3 Ng8
22. a4 Rf7 23. Rxf7 Nxf7 24. Be3 Bh6 25. Rb1 Nd6 26. Nb5 Rf8 27. Nc3 h4 28.
Bxh6 Nxh6 29. Qg5 Nhf7 30. Qxh4+ Kg7 31. g4 c4 32. Qg3 Qc7 33. Rf1 a6 34. dxc4
Nxc4 35. Qf2 Qe7 36. Kh2 Qg5 37. Nd1 Nd2 38. Re1 Nd6 39. Qe3 Qf4+ 40. Kg1 N6xe4
41. Bxe4 Nxe4 42. Kg2 Nf6 43. Qxf4 exf4 44. Re7+ Rf7 45. Rxf7+ Kxf7 46. Nc3
1/2-1/2

[Event "51 CIS serie B/5"]
[Site "?"]
[Date "2019.03.17"]
[Round "4.2"]
[White "Bonadè, Massimo"]
[Black "Rigamonti, Stefano"]
[Result "1-0"]
[WhiteElo "2145"]
[BlackElo "2090"]
[PlyCount "83"]
[EventDate "2019.??.??"]
[WhiteTeam "Scacchi Club Piacenza"]
[BlackTeam "S.S. Bergamo"]

1. e4 e5 2. Nc3 Nc6 3. Bc4 Nf6 4. d3 Bb4 5. Nge2 Na5 6. O-O Nxc4 7. dxc4 c6 8.
Qd3 d6 9. a3 Ba5 10. Rd1 O-O 11. b3 Ne8 12. Ng3 Qh4 13. b4 Bb6 14. Na4 f5 15.
Nxb6 fxe4 16. Qxe4 Qxe4 17. Nxe4 axb6 18. Nxd6 Be6 19. Be3 Nxd6 20. Rxd6 Bxc4
21. Bxb6 Rf6 22. Rd2 h6 23. a4 Rg6 24. a5 Rf8 25. Bc5 Rf3 26. Rd8+ Kh7 27. Rd7
Ba6 28. Re1 Rc3 29. Rxe5 Rxc2 30. h3 Rc1+ 31. Kh2 Bf1 32. g4 Rc3 33. Re3 Rc2
34. Rf3 h5 35. Rf4 hxg4 36. Rxg4 Bxh3 37. Rh4+ Kg8 38. Rxh3 Rc1 39. Rd8+ Kf7
40. Rf3+ Ke6 41. Rd6+ Ke5 42. Rxg6 1-0

[Event "51 CIS serie B/5"]
[Site "?"]
[Date "2019.03.17"]
[Round "4.3"]
[White "Oteri, Aldo"]
[Black "Tencati, Giuseppe"]
[Result "0-1"]
[WhiteElo "1687"]
[BlackElo "2160"]
[PlyCount "88"]
[EventDate "2019.??.??"]
[WhiteTeam "S.S. Bergamo"]
[BlackTeam "Scacchi Club Piacenza"]

1. f4 d5 2. e3 g6 3. Be2 Bg7 4. Nf3 c5 5. d3 Nc6 6. O-O b6 7. e4 dxe4 8. dxe4
Bb7 9. Nc3 Bxc3 10. bxc3 Nf6 11. e5 Nd5 12. Bd2 Qd7 13. c4 Nc7 14. Bc3 Qxd1 15.
Raxd1 Ne6 16. a3 Rd8 17. Rxd8+ Ncxd8 18. Rd1 Bc6 19. Kf2 h5 20. Ne1 Ng7 21. Bf3
Bxf3 22. Nxf3 e6 23. Ng5 Ke7 24. Ne4 Nc6 25. Rd6 Nb8 26. a4 Nf5 27. h3 Rc8 28.
Rd2 Nc6 29. Nd6 Rd8 30. g4 hxg4 31. hxg4 Nxd6 32. exd6+ Rxd6 33. Rxd6 Kxd6 34.
Ke3 f5 35. gxf5 gxf5 36. Bf6 e5 37. c3 e4 38. Bg7 Na5 39. Be5+ Kc6 40. Bf6
Nxc4+ 41. Ke2 a5 42. Kd1 Nb2+ 43. Ke2 Nd3 44. c4 Nxf4+ 0-1

[Event "51 CIS serie B/5"]
[Site "?"]
[Date "2019.03.17"]
[Round "4.4"]
[White "Brigati, Alessandro"]
[Black "Scarpellini, Felice"]
[Result "1-0"]
[WhiteElo "2029"]
[BlackElo "1609"]
[PlyCount "120"]
[EventDate "2019.??.??"]
[WhiteTeam "Scacchi Club Piacenza"]
[BlackTeam "S.S. Bergamo"]

1. d4 Nf6 2. Nf3 e6 3. Bf4 d5 4. e3 c6 5. Nbd2 Be7 6. Bd3 Nbd7 7. Ne5 O-O 8.
O-O h6 9. c3 Nxe5 10. dxe5 Nd7 11. Qh5 Bg5 12. Nf3 Bxf4 13. exf4 Qe8 14. g4 Nc5
15. Bc2 Ne4 16. Rfe1 f5 17. Qxe8 Rxe8 18. g5 hxg5 19. fxg5 g6 20. Rad1 Kg7 21.
Kg2 Rh8 22. h4 Bd7 23. Rh1 Rh7 24. Nd4 Rah8 25. f3 Nc5 26. Kg3 Na6 27. Ne2 b5
28. b4 Nb8 29. Nd4 Kf7 30. Nb3 Be8 31. Nc5 Nd7 32. Nd3 Nb6 33. Bb3 Bd7 34. Nc5
Bc8 35. Rd4 Nc4 36. Bxc4 bxc4 37. Rb1 Ke8 38. Rb2 Rc7 39. a4 a6 40. Rd1 Rhh7
41. Rh1 Rh5 42. Rhb1 Rch7 43. Rh2 Rc7 44. a5 Rhh7 45. Na4 Rcd7 46. Nb6 Rd8 47.
Kf4 d4 48. Nxc8 Rxc8 49. cxd4 Rd8 50. Ke3 Rd5 51. Rc1 Rb7 52. Rxc4 Kf7 53. Kd3
Rdb5 54. Kc3 Rc7 55. f4 Rcb7 56. h5 gxh5 57. Rxh5 Kg7 58. Rh6 Kf7 59. Rh7+ Kg6
60. Rxb7 Rxb7 1-0

[Event "51 CIS serie B/5"]
[Site "?"]
[Date "2019.03.17"]
[Round "4.1"]
[White "Boscolo, Federico"]
[Black "Zenari, Marco"]
[Result "1-0"]
[WhiteElo "2304"]
[BlackElo "2174"]
[PlyCount "125"]
[EventDate "2019.??.??"]
[WhiteTeam "Clodiense 2 Chioggia"]
[BlackTeam "Valpolicella 1"]

1. e4 c5 2. Nf3 d6 3. Bb5+ Nd7 4. d4 cxd4 5. Qxd4 a6 6. Be2 Ngf6 7. c4 g6 8.
Nc3 Bg7 9. h3 O-O 10. Qe3 Nc5 11. O-O b6 12. Nd4 Bb7 13. Bf3 Nfd7 14. Rd1 Ne5
15. Be2 Nc6 16. Nxc6 Bxc6 17. f3 Na4 18. Nxa4 Bxa4 19. Rd2 Qc7 20. Rb1 Qc5 21.
Qf2 Rfc8 22. b3 Bd7 23. Rd1 Qxf2+ 24. Kxf2 b5 25. Be3 Be6 26. Rdc1 Kf8 27. cxb5
axb5 28. Rxc8+ Rxc8 29. Rc1 Ra8 30. Rc2 Bd7 31. Bd3 e6 32. Bg5 Bd4+ 33. Ke2 f6
34. Bd2 Bc5 35. Be3 Bb4 36. Bd4 e5 37. Be3 Ke7 38. Bf2 Kd8 39. Be3 Ra3 40. Bc1
Ra8 41. Be3 Ba5 42. g4 g5 43. h4 h6 44. h5 Rc8 45. Rxc8+ Kxc8 46. Kd1 Kb7 47.
Kc2 Bb4 48. Kb2 Bc5 49. Bd2 Kb6 50. a3 Bc6 51. Bc2 Bd4+ 52. Bc3 d5 53. exd5
Bxc3+ 54. Kxc3 Bxd5 55. Be4 Be6 56. Kb4 Bc8 57. a4 bxa4 58. bxa4 Ba6 59. a5+
Kc7 60. Kc5 Bc8 61. Kd5 Bb7+ 62. Ke6 f5 63. Kxf5 1-0

[Event "51 CIS serie B/5"]
[Site "?"]
[Date "2019.03.17"]
[Round "4.2"]
[White "Fratton, Zeno"]
[Black "Vianello, Enrico"]
[Result "0-1"]
[WhiteElo "2067"]
[BlackElo "2093"]
[PlyCount "136"]
[EventDate "2019.??.??"]
[WhiteTeam "Valpolicella 1"]
[BlackTeam "Clodiense 2 Chioggia"]

1. c4 Nf6 2. Nf3 e6 3. g3 d5 4. Bg2 Be7 5. O-O O-O 6. Qc2 b6 7. b3 Bb7 8. Bb2
Nbd7 9. d4 Rc8 10. cxd5 Nxd5 11. Nc3 N7f6 12. Rfd1 Nxc3 13. Bxc3 Be4 14. Qb2
Qd5 15. Ne1 Bxg2 16. Nxg2 Qa8 17. d5 exd5 18. Ne3 c6 19. Nf5 Qb7 20. g4 Qd7 21.
h3 Rfd8 22. Nxg7 Kxg7 23. g5 Qf5 24. Rd3 Kh8 25. Bxf6+ Bxf6 26. Qxf6+ Qxf6 27.
gxf6 Rg8+ 28. Rg3 Rce8 29. Rc1 Re6 30. b4 Rxf6 31. Rcc3 Rxg3+ 32. fxg3 Re6 33.
Kf2 Kg7 34. Kf3 Kf6 35. Ra3 Re4 36. b5 cxb5 37. Rxa7 Rc4 38. Rb7 Rc6 39. Ke3
Ke6 40. Kd4 h5 41. a3 b4 42. axb4 Rc4+ 43. Kd3 Rxb4 44. Kc3 Rb1 45. Kc2 Rb5 46.
Kc3 Rc5+ 47. Kb4 Rc6 48. Kb5 Rc3 49. Rxb6+ Ke5 50. Rh6 Rxg3 51. Rxh5+ f5 52.
Rh8 Kd4 53. h4 Re3 54. Rf8 Rxe2 55. Rxf5 Ke4 56. Rf8 Rh2 57. Re8+ Kd3 58. Kc5
d4 59. Rh8 Kc3 60. Ra8 Rxh4 61. Ra3+ Kc2 62. Ra4 Kd3 63. Ra3+ Ke2 64. Ra4 Rh5+
65. Kc4 d3 66. Kc3 Rc5+ 67. Kb2 d2 68. Re4+ Kd3 0-1

[Event "51 CIS serie B/5"]
[Site "?"]
[Date "2019.03.17"]
[Round "4.3"]
[White "Bellemo, Davide"]
[Black "Bertani, Gianfranco"]
[Result "1/2-1/2"]
[WhiteElo "2104"]
[BlackElo "1935"]
[PlyCount "138"]
[EventDate "2019.??.??"]
[WhiteTeam "Clodiense 2 Chioggia"]
[BlackTeam "Valpolicella 1"]

1. d4 d5 2. c4 e6 3. Nc3 c6 4. Nf3 f5 5. e3 Nf6 6. Bd3 Bd6 7. O-O O-O 8. b3 Qe7
9. Bb2 Nbd7 10. Qc2 Ne4 11. Ne2 Ndf6 12. Ne5 Ng5 13. f3 Nf7 14. Rae1 Bb4 15.
Nc3 Nxe5 16. dxe5 Nd7 17. f4 Nc5 18. Rd1 Nxd3 19. Rxd3 Bd7 20. Nb1 Rac8 21. Rc1
g5 22. Bd4 c5 23. Bc3 Bxc3 24. Nxc3 dxc4 25. bxc4 Bc6 26. Qe2 gxf4 27. exf4 Kh8
28. Rcd1 Rg8 29. g3 Rg4 30. Qd2 Rcg8 31. Rd8 Qh4 32. Rxg8+ Rxg8 33. Qf2 Qh3 34.
Rd3 Qg4 35. Rd6 Rg6 36. Rd8+ Kg7 37. Qxc5 Kh6 38. Qf2 a6 39. Rd6 Kg7 40. Nd1 h5
41. Ne3 Qh3 42. Ng2 h4 43. Rd3 Be4 44. Re3 Qg4 45. Qe2 hxg3 46. hxg3 Qh3 47.
Qd2 Kh7 48. Rxe4 fxe4 49. Qe3 Qxg3 50. Qxe4 b6 51. Qb7+ Kh6 52. Qe4 Qg4 53. Kh2
a5 54. Qa8 Rg8 55. Qc6 a4 56. Qe4 a3 57. Qc6 Kh7 58. Qe4+ Kh8 59. Qc2 Qg3+ 60.
Kh1 Rg7 61. Qd2 Rh7+ 62. Kg1 Rg7 63. Qd8+ Kh7 64. Qd2 Qf3 65. Qc2+ Kh8 66. Qd2
Qe4 67. Qd8+ Kh7 68. Qh4+ Kg8 69. Qd8+ Kh7 1/2-1/2

[Event "51 CIS serie B/5"]
[Site "?"]
[Date "2019.03.17"]
[Round "4.4"]
[White "Passon, Stefano"]
[Black "Aprile, Martino"]
[Result "0-1"]
[WhiteElo "1728"]
[BlackElo "1979"]
[PlyCount "64"]
[EventDate "2019.??.??"]
[WhiteTeam "Valpolicella 1"]
[BlackTeam "Clodiense 2 Chioggia"]

1. d4 Nf6 2. Nf3 d5 3. e3 Bf5 4. Bd3 Bxd3 5. Qxd3 c6 6. O-O e6 7. Nbd2 Nbd7 8.
Re1 Bb4 9. c3 Be7 10. e4 dxe4 11. Nxe4 Nxe4 12. Rxe4 Nc5 13. Qe2 Nxe4 14. Qxe4
h6 15. Qg4 Bf6 16. Be3 Qd5 17. b3 Rd8 18. h3 a6 19. Re1 Qa5 20. c4 Qxa2 21. Qg3
Qxb3 22. Nd2 Qd3 23. d5 cxd5 24. cxd5 Qxd5 25. Bf4 Bg5 26. Ne4 Bxf4 27. Qxg7
Be5 28. Nf6+ Bxf6 29. Qxf6 Rg8 30. g3 Rg6 31. Qa1 Qd4 32. Qb1 Rxg3+ 0-1

[Event "51 CIS serie B/5"]
[Site "?"]
[Date "2019.03.17"]
[Round "5.1"]
[White "Zenari, Marco"]
[Black "Rossato, Armando"]
[Result "1-0"]
[WhiteElo "2174"]
[BlackElo "2101"]
[PlyCount "55"]
[EventDate "2019.??.??"]
[WhiteTeam "Valpolicella 1"]
[BlackTeam "M.I.C.H.A. Knights"]

1. e4 g6 2. d4 Bg7 3. Nc3 d6 4. Be3 Nd7 5. Nf3 a6 6. a4 b6 7. Bd3 Bb7 8. O-O e6
9. Re1 Ne7 10. Qd2 h6 11. Rad1 Nf6 12. h3 d5 13. Bf4 g5 14. Be5 O-O 15. Bxf6
Bxf6 16. e5 Bg7 17. Ne2 Ng6 18. Nh2 Qe8 19. f4 gxf4 20. Nxf4 Qxa4 21. Bxg6 fxg6
22. Nxe6 c5 23. b3 Qd7 24. Nxf8 Rxf8 25. Rf1 cxd4 26. Qxd4 Qe6 27. Ng4 Re8 28.
Nf6+ 1-0

[Event "51 CIS serie B/5"]
[Site "?"]
[Date "2019.03.17"]
[Round "5.2"]
[White "Viaggi, Stefano"]
[Black "Fratton, Zeno"]
[Result "0-1"]
[WhiteElo "2016"]
[BlackElo "2067"]
[PlyCount "66"]
[EventDate "2019.??.??"]
[WhiteTeam "M.I.C.H.A. Knights"]
[BlackTeam "Valpolicella 1"]

1. Nf3 c5 2. b3 Nc6 3. Bb2 d6 4. e3 e5 5. d4 cxd4 6. exd4 e4 7. d5 exf3 8. dxc6
Qe7+ 9. Be2 Qxe2+ 10. Qxe2+ fxe2 11. Kxe2 bxc6 12. Re1 Be6 13. Kf1 Nf6 14. c4
Be7 15. Nc3 O-O 16. Rad1 Rfe8 17. h3 h6 18. g4 d5 19. cxd5 cxd5 20. Nb5 Bb4 21.
Re3 Bd7 22. Rxe8+ Nxe8 23. Nd4 Rc8 24. Rd3 Bc5 25. Kg2 Bxd4 26. Bxd4 a6 27. a4
Nc7 28. Kg3 Ne6 29. Be5 Bc6 30. Bd6 d4 31. f4 Be4 32. Rd2 Rc3+ 33. Kh2 Rc2 0-1

[Event "51 CIS serie B/5"]
[Site "?"]
[Date "2019.03.17"]
[Round "5.3"]
[White "Bertani, Gianfranco"]
[Black "Bordignon, Angelo"]
[Result "1-0"]
[WhiteElo "1935"]
[BlackElo "2004"]
[PlyCount "109"]
[EventDate "2019.??.??"]
[WhiteTeam "Valpolicella 1"]
[BlackTeam "M.I.C.H.A. Knights"]

1. d4 f5 2. Nc3 Nf6 3. Bg5 e6 4. Nf3 d6 5. e4 fxe4 6. Nxe4 Be7 7. Bxf6 Bxf6 8.
Bd3 d5 9. Nxf6+ Qxf6 10. Qe2 O-O 11. O-O c5 12. c3 cxd4 13. cxd4 Nc6 14. Rad1
a6 15. a3 Bd7 16. Rfe1 Rf7 17. h4 h6 18. Bb1 g6 19. Qd3 Rg7 20. Re3 Rf8 21. Qd2
g5 22. hxg5 hxg5 23. Ne5 Nxe5 24. Rxe5 Kf7 25. Qe3 Rh8 26. g3 Bb5 27. Bd3 Bxd3
28. Rxd3 Rgh7 29. Kf1 Rh1+ 30. Ke2 Rb1 31. Rb3 b5 32. Qxg5 Rhh1 33. Qxf6+ Kxf6
34. Kf3 Rbd1 35. Re2 Rxd4 36. Rbe3 Re4 37. Rxe4 dxe4+ 38. Kxe4 Rc1 39. f4 Rg1
40. Kf3 Rb1 41. g4 Rf1+ 42. Ke4 Rc1 43. g5+ Kf7 44. Rd2 Re1+ 45. Kd4 Rc1 46.
Ke5 Rc5+ 47. Kd6 Rf5 48. Rd4 a5 49. b3 e5 50. g6+ Kxg6 51. fxe5 Kf7 52. e6+ Ke8
53. Rh4 Rf8 54. Rh7 Rg8 55. Ra7 1-0

[Event "51 CIS serie B/4"]
[Site "?"]
[Date "2019.03.17"]
[Round "5.4"]
[White "Battagin, Mosè"]
[Black "Passon, Stefano"]
[Result "1-0"]
[WhiteElo "1747"]
[BlackElo "1728"]
[PlyCount "120"]
[EventDate "2019.??.??"]
[WhiteTeam "M.I.C.H.A. Knights"]
[BlackTeam "Valpolicella 1"]

1. e4 e5 2. Nf3 Nc6 3. Bc4 Bc5 4. b4 Bxb4 5. c3 Ba5 6. d4 exd4 7. O-O Nge7 8.
Ng5 d5 9. exd5 Ne5 10. Qxd4 f6 11. Bb3 Bb6 12. Qe4 Bf5 13. Qf4 Qd6 14. Ba3 Bc5
15. Bxc5 Qxc5 16. Qd4 Qd6 17. Ba4+ Bd7 18. Bxd7+ Qxd7 19. Ne6 Nxd5 20. Qxd5 g6
21. c4 c6 22. Qxd7+ Kxd7 23. Nc5+ Kc7 24. Ne4 f5 25. Ned2 Rad8 26. c5 Rd5 27.
Nb3 Rhd8 28. Nc3 Rd3 29. Rac1 R3d7 30. h3 Nd3 31. Rb1 Re7 32. Rbd1 Re5 33. f4
Re3 34. Rf3 Rxf3 35. gxf3 Nxf4 36. Rxd8 Kxd8 37. Kh2 Nd5 38. Nxd5 cxd5 39. Kg3
g5 40. Kf2 Kd7 41. Ke3 b6 42. Kd4 bxc5+ 43. Nxc5+ Kd6 44. Nd3 h5 45. Ne5 Ke6
46. a3 a6 47. Nd3 g4 48. fxg4 hxg4 49. Nf4+ Kd6 50. h4 g3 51. h5 Ke7 52. Kxd5
Kf6 53. Kd4 Kg5 54. Ke3 g2 55. Nxg2 Kxh5 56. Kf4 Kg6 57. Ne3 Kf6 58. Nxf5 Ke6
59. Ke4 a5 60. a4 Kf6 1-0

[Event "51 CIS serie B/5"]
[Site "?"]
[Date "2019.03.17"]
[Round "5.1"]
[White "Tirelli, Mauro"]
[Black "Boscolo, Federico"]
[Result "1/2-1/2"]
[WhiteElo "2259"]
[BlackElo "2304"]
[PlyCount "112"]
[EventDate "2019.??.??"]
[WhiteTeam "Scacchi Club Piacenza"]
[BlackTeam "Clodiense 2 Chioggia"]

1. e4 e6 2. d4 d5 3. Nc3 Nc6 4. Nf3 Nf6 5. Bd3 Bb4 6. O-O Bxc3 7. exd5 Nxd4 8.
bxc3 Nxf3+ 9. Qxf3 Qxd5 10. Qg3 O-O 11. c4 Qd4 12. Be3 Qg4 13. Qxc7 e5 14. Qxe5
Be6 15. h3 Qh5 16. Qxh5 Nxh5 17. Rfb1 b6 18. a4 Nf6 19. a5 Nd7 20. Rb4 Rac8 21.
f4 g6 22. axb6 axb6 23. Ra6 Nc5 24. Raxb6 Nxd3 25. cxd3 Rfd8 26. f5 Bxf5 27. d4
Bd3 28. c5 Be4 29. Kf2 f5 30. Bg5 Re8 31. Bf4 Kf7 32. g4 fxg4 33. hxg4 Bc6 34.
Be5 h5 35. g5 Ke6 36. Ra4 Kd5 37. Ra7 Ra8 38. Rc7 Ra2+ 39. Ke3 Rea8 40. Rb3 Rg2
41. Rxc6 Kxc6 42. Rb6+ Kd5 43. Rd6+ Kc4 44. Rxg6 Rg4 45. Bf4 Re8+ 46. Kf3 Kd3
47. Be5 Ra8 48. d5 Ra3 49. Bb2 Rb3 50. Rb6 Rxb6 51. cxb6 Rxg5 52. b7 Rf5+ 53.
Kg3 Rf8 54. d6 Ke4 55. d7 Kd5 56. Bf6 Kc6 1/2-1/2

[Event "51 CIS serie B/5"]
[Site "?"]
[Date "2019.03.17"]
[Round "5.2"]
[White "Vianello, Enrico"]
[Black "Bonadè, Massimo"]
[Result "1/2-1/2"]
[WhiteElo "2093"]
[BlackElo "2145"]
[PlyCount "97"]
[EventDate "2019.??.??"]
[WhiteTeam "Clodiense 2 Chioggia"]
[BlackTeam "Scacchi Club Piacenza"]

1. Nf3 d5 2. d4 Nf6 3. c4 e6 4. g3 Be7 5. Bg2 O-O 6. O-O dxc4 7. Qc2 b6 8. Ne5
Qxd4 9. Bxa8 Qxe5 10. Bg2 Nd5 11. Bd2 c5 12. Bc3 Nxc3 13. Nxc3 Bd7 14. a4 Bc6
15. Nb5 Bxg2 16. Kxg2 Nc6 17. Rab1 Qd5+ 18. e4 Qd3 19. Rbc1 Bf6 20. Rfd1 Qxc2
21. Rxc2 Nb4 22. Rxc4 Bxb2 23. Nxa7 g6 24. Rd2 Ra8 25. a5 bxa5 26. Rxb2 Rxa7
27. Rxc5 Nd3 28. Rc8+ Kg7 29. Rb3 Ne5 30. Rbb8 Rd7 31. Rb5 Kf6 32. Rxa5 Rd2 33.
Rca8 Re2 34. Ra4 g5 35. Kf1 Rb2 36. h3 h5 37. Ra2 Rb1+ 38. Ke2 g4 39. hxg4 hxg4
40. Ke3 Rb3+ 41. Ke2 Rb1 42. R8a3 Rb4 43. Ra4 Rb3 $11 44. Rd4 Rb1 45. Ra3 Rb2+
46. Ke3 Rc2 47. Rb3 Ra2 48. Rc3 Ra1 49. Rb4 1/2-1/2

[Event "51 CIS serie B/5"]
[Site "?"]
[Date "2019.03.17"]
[Round "5.3"]
[White "Tencati, Giuseppe"]
[Black "Bellemo, Davide"]
[Result "1/2-1/2"]
[WhiteElo "2160"]
[BlackElo "2104"]
[PlyCount "63"]
[EventDate "2019.??.??"]
[WhiteTeam "Scacchi Club Piacenza"]
[BlackTeam "Clodiense 2 Chioggia"]

1. e4 e5 2. Nf3 Nc6 3. d4 exd4 4. Nxd4 Bc5 5. Nxc6 Qf6 6. Qf3 bxc6 7. Nd2 Qxf3
8. gxf3 Nf6 9. Nb3 Bd6 10. Be3 O-O 11. O-O-O Nh5 12. Nd4 Bf4 13. Bh3 g6 14. c4
Bxe3+ 15. fxe3 Ng7 16. Rhg1 Ne6 17. f4 Nxd4 18. exd4 d6 19. Bxc8 Raxc8 20. h4
Rfe8 21. Rde1 f6 22. h5 Kf7 23. hxg6+ hxg6 24. Kd2 Rh8 25. Rh1 Kg7 26. Rxh8
Rxh8 27. e5 Rh2+ 28. Kc3 Rh3+ 29. Kc2 Rh2+ 30. Kc3 Rh3+ 31. Kc2 Rh2+ 32. Kc3
1/2-1/2

[Event "51 CIS serie B/5"]
[Site "?"]
[Date "2019.03.17"]
[Round "5.4"]
[White "Aprile, Martino"]
[Black "Brigati, Alessandro"]
[Result "1-0"]
[WhiteElo "1979"]
[BlackElo "2029"]
[PlyCount "59"]
[EventDate "2019.??.??"]
[WhiteTeam "Clodiense 2 Chioggia"]
[BlackTeam "Scacchi Club Piacenza"]

1. e4 d6 2. d4 Nf6 3. Nc3 g6 4. Bg5 c6 5. Qd2 b5 6. Bxf6 exf6 7. d5 b4 8. Nd1
c5 9. a3 bxa3 10. Rxa3 Bg7 11. Bb5+ Bd7 12. Bxd7+ Nxd7 13. Ne2 O-O 14. O-O Re8
15. Ng3 Nb6 16. Ne3 h5 17. Qd3 Qd7 18. h4 Rab8 19. Rfa1 Rb7 20. R1a2 Bh6 21.
Nef5 Kh7 22. Nxh5 gxh5 23. Qf3 Rg8 24. Qxh5 Rg6 25. Rg3 Kg8 26. Nxh6+ Kf8 27.
Nf5 Kg8 28. Rxg6+ fxg6 29. Qxg6+ Kh8 30. Qxf6+ 1-0

[Event "51 CIS serie B/5"]
[Site "?"]
[Date "2019.03.17"]
[Round "5.1"]
[White "Caposciutti, Maurizio"]
[Black "Luchsinger, Eric"]
[Result "1-0"]
[WhiteElo "2329"]
[BlackElo "2110"]
[PlyCount "81"]
[EventDate "2019.??.??"]
[WhiteTeam "Mattoallaprossima"]
[BlackTeam "S.S. Bergamo"]

1. Nf3 Nf6 2. c4 c5 3. g3 b6 4. Bg2 Bb7 5. O-O g6 6. b3 Bg7 7. Bb2 O-O 8. Nc3
d6 9. d4 cxd4 10. Qxd4 Nbd7 11. Rfd1 Rc8 12. Rac1 Re8 13. Bh3 Rc5 14. Bg2 Qa8
15. Ne1 Bxg2 16. Nxg2 Nd5 17. Qd2 Nxc3 18. Bxc3 Bxc3 19. Qxc3 Nf6 20. Ne3 Rec8
21. Qd4 b5 22. b4 R5c7 23. c5 dxc5 24. bxc5 a5 25. Rc2 Qc6 26. Qe5 Rb7 27. Nd5
Nxd5 28. Rxd5 Rd7 29. Rcd2 Rcd8 30. Rxd7 Rxd7 31. Rxd7 Qxd7 32. Qb8+ Kg7 33.
Qe5+ Kg8 34. Qb8+ Kg7 35. Qe5+ Kg8 36. Qe4 b4 37. Kg2 Kg7 38. c6 Qd6 39. Qc4
Qc7 40. Qd4+ e5 41. Qd7 1-0

[Event "51 CIS serie B/5"]
[Site "?"]
[Date "2019.03.17"]
[Round "5.2"]
[White "Rigamonti, Stefano"]
[Black "Russo, Leonardo"]
[Result "1-0"]
[WhiteElo "2090"]
[BlackElo "2061"]
[PlyCount "27"]
[EventDate "2019.??.??"]
[WhiteTeam "S.S. Bergamo"]
[BlackTeam "Mattoallaprossima"]

1. e4 e6 2. d4 d5 3. Nd2 c5 4. exd5 Qxd5 5. Ngf3 cxd4 6. Bc4 Qd6 7. O-O Nf6 8.
Nb3 Be7 9. Qxd4 Qxd4 10. Nbxd4 a6 11. Bf4 O-O 12. Rfe1 b5 13. Bb3 Bb7 14. Nxe6
1-0

[Event "51 CIS serie B/5"]
[Site "?"]
[Date "2019.03.17"]
[Round "5.3"]
[White "Fabbrucci, Gabriele"]
[Black "Oteri, Aldo"]
[Result "1/2-1/2"]
[WhiteElo "1664"]
[BlackElo "1687"]
[PlyCount "89"]
[EventDate "2019.??.??"]
[WhiteTeam "Mattoallaprossima"]
[BlackTeam "S.S. Bergamo"]

1. e4 e6 2. d4 d5 3. Nd2 Be7 4. Ngf3 Nf6 5. e5 Ne4 6. Bd3 Nxd2 7. Bxd2 c5 8. c3
Nc6 9. O-O Qb6 10. Bc1 cxd4 11. cxd4 Bd7 12. Bb1 Rc8 13. a3 f6 14. Re1 O-O 15.
Qd3 g6 16. Nh4 Rf7 17. Bh6 Bf8 18. Be3 fxe5 19. dxe5 d4 20. Bd2 Bg7 21. Nf3
Rcf8 22. Ba2 Rf5 23. Bc3 Nxe5 24. Nxe5 Bxe5 25. Rxe5 Rxe5 26. Bxd4 Qd6 27. Rd1
Rh5 28. h3 Bc6 29. Qe3 Bd5 30. Bc5 Qf4 31. Bxf8 Qxe3 32. fxe3 Kxf8 33. Bxd5
Rxd5 34. Rc1 Ke7 35. Rc7+ Rd7 36. Rc2 Kf6 37. Kf2 Ke5 38. Kf3 Rf7+ 39. Ke2 g5
40. Rc5+ Kf6 41. g4 h5 42. Kf3 Kg6+ 43. Kg3 h4+ 44. Kg2 Rd7 45. Rc2 1/2-1/2

[Event "51 CIS serie B/5"]
[Site "?"]
[Date "2019.03.17"]
[Round "5.4"]
[White "Scarpellini, Felice"]
[Black "Baldo, GentileGiona Gabriel"]
[Result "0-1"]
[WhiteElo "1609"]
[BlackElo "1541"]
[PlyCount "117"]
[EventDate "2019.??.??"]
[WhiteTeam "S.S. Bergamo"]
[BlackTeam "Mattoallaprossima"]

1. c4 e6 2. g3 d5 3. Bg2 Nf6 4. e3 c6 5. cxd5 exd5 6. d4 Bd6 7. h3 O-O 8. Ne2
Re8 9. O-O Bf5 10. Nbc3 h6 11. a3 Qd7 12. Kh2 a5 13. Na4 Qe7 14. Bd2 Nbd7 15.
Nac3 g5 16. f4 g4 17. h4 Nf8 18. Qe1 Ng6 19. Qf2 Qd8 20. Rab1 Bxb1 21. Rxb1 Ne7
22. Nc1 Nf5 23. Nd3 Nh5 24. Ne2 Nhxg3 25. Ne5 Qxh4+ 26. Kg1 Bxe5 27. dxe5 Ne4
28. Bxe4 dxe4 29. Qxh4 Nxh4 30. Kf2 Nf3 31. Bc3 h5 32. Ng3 h4 33. Nxe4 Re6 34.
Nf6+ Rxf6 35. exf6 Kh7 36. Rh1 a4 37. Rd1 Kg6 38. Rd7 b5 39. Rc7 Rd8 40. Rxc6
h3 41. Bd4 Nxd4 42. exd4 Rxd4 43. Kg3 Rd2 44. Kxg4 h2 45. Rc1 Rxb2 46. Rh1 Kxf6
47. Kg3 Kf5 48. Rc1 Ke4 49. Re1+ Kd4 50. Kh3 Kc4 51. Rh1 Kb3 52. Rxh2 Rxh2+ 53.
Kxh2 Kxa3 54. Kg3 b4 55. Kg4 b3 56. Kg5 b2 57. Kf6 b1=Q 58. Kxf7 Kb4 59. Kf6
0-1